| 000 | 00863nam a2200301Mi 4500 | ||
|---|---|---|---|
| 001 | 47138 | ||
| 005 | 20230411085715.0 | ||
| 008 | 041008s2004 fr 000 0 fre d | ||
| 035 | _a(OCoLC)ocm56751046 | ||
| 040 |
_aTZT _cTZT |
||
| 020 | _a2110055537 | ||
| 020 | _a9782110055538 | ||
| 029 | 0 |
_aTZT _bJTL00144129 |
|
| 035 | _a(OCoLC)56751046 | ||
| 072 | 7 |
_aKJV _2lcco |
|
| 082 | 1 | 4 |
_a346 _21 |
| 049 | _aGRAL | ||
| 050 | 1 | 4 | _G948f2004-2005 |
| 245 | 0 | 0 |
_aGuide de la famille et de la vie quotidienne. _pEdition 2004-2005 / _cconception éditoriale Dominique Brisson. |
| 260 |
_aParis : _bDocumentation française, _c2004. |
||
| 300 | _a510 p. | ||
| 440 | 0 | _aDroits et démarches | |
| 653 |
_aCivil law _aFamily |
||
| 938 |
_aJean Touzot Libraire Editeur _bTOUZ _nJTL00144129 _c26 EUR |
||
| 942 |
_2lcc _cbk |
||
| 946 | _aclperez | ||
| 994 |
_aC0 _bDRFGD |
||
| 999 |
_c106188 _d106188 |
||